000 00318nam a22001457a 4500
020 _a9788181312563
082 _a823
_bBR1/W
245 _aWORDS
_bEarly Discovery
246 _aWords
_bEarly Discovery
250 _a2012
260 _aUK
_bCarrie Hartman
_c2012
300 _a56
520 _aAbout Alphabets
942 _cBK
999 _c232
_d232